000 00456nam a2200157Ia 4500
008 090711s9999 xx 000 0 und d
082 _b25129
100 _aगांगल वसंत
245 _aशबरीSाी बोरे
260 _c1972
600 _aगांगल वसंत
630 _aशबरीSाी बोरे
700 _aगांगल वसंत
730 _aशबरीSाी बोरे
942 _cBOOK
999 _c287669
_d287669